000 00515nam a2200181Ia 4500
003 GCL
008 140319s9999 xx 000 0 ara d
040 _aGCL /
_cGCL
082 0 4 _a332.1753
_bا ت
100 1 _aابراهيم مختار
245 1 0 _aالتمويل المصرفى :
_bمنهاج لاتخاذ القرارات /
_cابراهيم مختار
300 _a311 ص ؛
_c24 سم
490 _a
650 0 4 _aالبنوك
650 0 4 _aالقروض
650 0 4 _aالائتمان
942 _2ddc
_cBK
999 _c40737
_d40737